| 000 | 00853cam a2200241 4500 | ||
|---|---|---|---|
| 001 | ##L132977 | ||
| 008 | 060329n2006 000 0 eng u | ||
| 020 | _a1860819044 | ||
| 035 | _a(Sirsi) u132977 | ||
| 041 | 0 | _aeng | |
| 050 | 0 | 4 | _a690 $2 18 |
| 100 | 1 | _aWard, T. I. | |
| 245 | 0 | 0 | _aAssessing the effects of thermal bridging at junctions and around openings |
| 260 |
_aWatford _bBRE _c2006 |
||
| 300 |
_a6p. _c30cm. |
||
| 490 | 0 |
_aBRE Information Paper _vIP 1/06 |
|
| 520 | _aOffers guidance on assessing the effects of thermal bridging at junctions and around external openings, and gives information on how to judge their effect on the overall heat loss or gain. | ||
| 520 | _aSupersedes IP 17/01 (ISBN 1860815065) | ||
| 590 | _aIKA190906 | ||
| 651 | 4 |
_aUnited Kingdom _y |
|
| 690 | _aBUILT ENVIRONMENT-BUILDING ELEMENTS | ||
| 942 | _n0 | ||
| 999 |
_c105294 _d105294 |
||